History Quiz

Random History or World Quiz

Modern World Leaders A-Z Quiz Stats

 Plays Quiz Updated Nov 5, 2018

Support Sporcle.
Go Orange.
Score 0/26 Timer 06:00
0 Plays Today
Letter Leader % Correct
CWinston Churchill
88.7%
JLyndon Baines Johnson
79.4%
AIdi Amin
69%
YBoris Yeltsin
64.4%
HEmperor Hirohito
60.7%
GCharles de Gaulle
59.5%
PJuan Peron
50.5%
TJosip Broz Tito
49.7%
NGamal Abdel Nasser
47.2%
RYitzhak Rabin
37.8%
WLech Wałęsa
35.4%
DJean Claude 'Baby Doc' Duvalier
31%
SSuharto
26.1%
Letter Leader % Correct
BWilly Brandt
26%
ODaniel Ortega
23.2%
XDeng Xiaoping
23.1%
FAlberto Fujimori
17.4%
EVictor Emmanuel II
16.1%
MThabo Mbeki
16%
ZZog I
14.6%
KWilliam Lyon Mackenzie King
14.4%
UÁlvaro Uribe Vélez
10.6%
QManuel Quezon
8.3%
IIon Iliescu
5.7%
VGetúlio Vargas
4%
LDavid Lange
3.2%

From the Vault

Constant Consonants 'R'

by caramba

We wonder if the letter R ever gets tired of all these pirate jokes.
Remove Ads.
Support Sporcle.
Get the best of Sporcle when you Go Orange. This ad-free experience offers more features, more stats, and more fun while also helping to support Sporcle. Thank you for becoming a member.

Show Comments

Extras

Top Quizzes Today


Score Distribution

Your Account Isn't Verified!

In order to create a playlist on Sporcle, you need to verify the email address you used during registration. Go to your Sporcle Settings to finish the process.

Report this User

Report this user for behavior that violates our Community Guidelines.

Details: